[Event "FRA-chT2 0304"]
[Site "France"]
[Date "2003.11.15"]
[Round "2"]
[White "El Shiati, Ibrahim"]
[Black "Isufi, Ermal"]
[Result "0-1"]
[WhiteElo "1937"]
[BlackElo "2101"]
[PlyCount "74"]
[EventDate "2003.10.??"]
[EventType "team"]
[EventRounds "11"]
[EventCountry "FRA"]
[SourceTitle "EXT 2005"]
[Source "ChessBase"]
[SourceDate "2004.11.15"]
[SourceVersion "1"]
[SourceVersionDate "2004.11.15"]
[SourceQuality "1"]
[WhiteTeam "Paris APSAP"]
[BlackTeam "Arras"]
[WhiteTeamCountry "FRA"]
[BlackTeamCountry "FRA"]

1. c4 f5 2. Nc3 Nf6 3. g3 g6 4. Bg2 Bg7 5. e3 c5 6. Nge2 Nc6 7. 0-0 0-0 8. Rb1 a6 9. a3 e6 10. b4 cxb4 11. axb4 Qc7 12. b5 Ne5 13. d3 Qd6 14. bxa6 Rxa6 15. Nf4 g5 16. Nb5 Qe7 17. Ne2 Ne8 18. Qb3 Rf6 19. Ba3 Qf7 20. Bb2 Rh6 21. f4 Ng4 22. fxg5 Rxh2 23. Bxg7 Qh5 24. Rf3 Nxg7 25. c5 b6 26. Nd6 Rxg2+ 27. Kxg2 Qh2+ 28. Kf1 Qh1+ 29. Ng1 Nh2+ 30. Kf2 Ng4+ 31. Ke1 Qxg1+ 32. Rf1 Qxg3+ 33. Kd2 Qxe3+ 34. Kd1 Nf2+ 35. Rxf2 Qxf2 36. Nxc8 Ra2 37. Qc3 Qf1+ 0-1

[Event "FRA-chT3 Gr8 0203"]
[Site "France"]
[Date "2003.04.06"]
[Round "9"]
[White "Friess, Nicolas"]
[Black "Isufi, Ermal"]
[Result "1-0"]
[WhiteElo "2143"]
[BlackElo "2101"]
[PlyCount "81"]
[EventDate "2002.10.??"]
[EventType "team"]
[EventRounds "9"]
[EventCountry "FRA"]
[SourceTitle "EXT 2005"]
[Source "ChessBase"]
[SourceDate "2004.11.15"]
[SourceVersion "1"]
[SourceVersionDate "2004.11.15"]
[SourceQuality "1"]

1. d4 f5 2. Nc3 Nf6 3. Bg5 e6 4. e4 fxe4 5. Nxe4 Be7 6. Bxf6 Bxf6 7. f4 b6 8. Nf3 Bb7 9. Bd3 Nc6 10. c3 Qe7 11. Qe2 0-0 12. h4 Qf7 13. Nfg5 Bxg5 14. Nxg5 Qxf4 15. Bxh7+ Kh8 16. Qh5 Qf2+ 17. Kd1 Rf4 18. Bf5+ Kg8 19. Qh7+ Kf8 20. Qh8+ Ke7 21. Qxg7+ Kd6 22. Ne4+ Rxe4 23. Bxe4 Ba6 24. Re1 Qxb2 25. Rc1 Bb5 26. Qg3+ Ke7 27. d5 Na5 28. Bc2 Qxa2 29. Qg7+ Kd6 30. Qe5+ Ke7 31. d6+ cxd6 32. Qg5+ Kf8 33. Qf6+ Kg8 34. Qg5+ Kf8 35. Qxb5 e5 36. Rf1+ Ke7 37. Bg6 Qxg2 38. Rf7+ Ke6 39. Qxd7+ Kd5 40. c4+ Kc5 41. Qb5+ 1-0

[Event "FRA-chT3 Gr8 0203"]
[Site "France"]
[Date "2003.04.05"]
[Round "8"]
[White "Delille, Francois"]
[Black "Isufi, Ermal"]
[Result "1/2-1/2"]
[WhiteElo "2161"]
[BlackElo "2101"]
[PlyCount "147"]
[EventDate "2002.10.??"]
[EventType "team"]
[EventRounds "9"]
[EventCountry "FRA"]
[SourceTitle "EXT 2005"]
[Source "ChessBase"]
[SourceDate "2004.11.15"]
[SourceVersion "1"]
[SourceVersionDate "2004.11.15"]
[SourceQuality "1"]

1. e4 e5 2. Nf3 d6 3. d4 Nd7 4. Bc4 exd4 5. Qxd4 Qf6 6. Be3 Be7 7. Nc3 Qxd4 8. Bxd4 Ngf6 9. Nb5 Bd8 10. Nxa7 Nxe4 11. Nxc8 Rxc8 12. 0-0 0-0 13. Rfe1 Nef6 14. Bd3 c5 15. Be3 Ba5 16. c3 Nd5 17. Bd2 c4 18. Bf5 Rcd8 19. Rad1 N7f6 20. Bg5 h6 21. Bh4 g5 22. Bg3 b5 23. a3 Bb6 24. Nd4 Bxd4 25. Rxd4 Rfe8 26. Kf1 Rxe1+ 27. Kxe1 Ne7 28. Bc2 d5 29. h4 Nh5 30. Bc7 Rd7 31. Bb6 Nf4 32. hxg5 hxg5 33. g3 Ne6 34. Rd2 f5 35. Kf1 Kf7 36. Bd1 Rd6 37. Be3 Kf6 38. Bf3 f4 39. gxf4 gxf4 40. Bd4+ Nxd4 41. Rxd4 Ke5 42. Bg4 Nc6 43. Rd1 d4 44. Re1+ Kf6 45. cxd4 Nxd4 46. Re4 Kg5 47. f3 Nc6 48. Ke2 Nd4+ 49. Ke1 Nc2+ 50. Ke2 Nd4+ 51. Kf2 Nc6 52. Ke2 Rd5 53. Be6 Re5 54. Rxe5+ Nxe5 55. b3 Kf6 56. Bd5 cxb3 57. Bxb3 Ke7 58. Ba2 Kd6 59. Bb1 Nc4 60. Kd3 Nxa3 61. Ba2 Ke5 62. Kc3 b4+ 63. Kxb4 Nc2+ 64. Kc3 Nd4 65. Kd3 Nxf3 66. Ke2 Nd4+ 67. Kf2 Kf5 68. Bd5 Nc2 69. Bf3 Ne3 70. Be2 Ke5 71. Bh5 Nf5 72. Be2 Ke4 73. Bd3+ Ke5 74. Bxf5 1/2-1/2